000 00643nam a22001577a 4500
005 20260127155345.0
008 230721b ||||| |||| 00| 0 eng d
040 _cSSBUL
_dSSBUL
082 _223
_a၃၇၀.၉၅၉၁ အ ၁၆၀၀၂ (S-SAT)
245 _aအခြေခံပညာမူလတန်းနှင့် အလယ်တန်းများအတွက်.../
260 _c၁၉၈၃။
300 _a၇၅ စာမျက်နှာ၊
_c၂၁ စင်တီ။
500 _aS-SAT: Dr. Prof Sai Aung Tun
650 _aပညာရေး
_zမြန်မာနိုင်ငံ။
_913952
942 _2ddc
_cBK1
999 _c27423
_d27423